[Event "Niederoesterreich Landesliga 1112"]
[Site "Austria"]
[Date "2011.11.27"]
[Round "5"]
[White "Lovrinovic, Christian"]
[Black "Bachmayer, Josef"]
[Result "1-0"]
[WhiteElo "2166"]
[BlackElo "2051"]
[PlyCount "77"]
[EventDate "2011.09.18"]
[EventType "team-tourn"]
[EventRounds "11"]
[EventCountry "AUT"]
[SourceTitle "EXT 2022"]
[Source "ChessBase"]
[SourceDate "2021.10.06"]
[SourceVersion "1"]
[SourceVersionDate "2021.10.06"]
[SourceQuality "1"]

1. d4 f5 2. Nf3 Nf6 3. g3 e6 4. Bg2 Be7 5. 0-0 0-0 6. c4 d6 7. b3 Ne4 8. Bb2 Bf6 9. Qc2 Nc6 10. a3 Qe8 11. b4 Qh5 12. b5 Nd8 13. Ne1 e5 14. Nf3 Nf7 15. c5 exd4 16. cxd6 Nexd6 17. a4 a6 18. Na3 f4 19. Nxd4 Bh3 20. Nf3 fxg3 21. hxg3 Bf5 22. Qb3 Bxb2 23. Qxb2 Be4 24. Rac1 c6 25. bxc6 Bxc6 26. Qb3 Ne4 27. Rcd1 Nc5 28. Qa2 Nxa4 29. Rd4 Nc3 30. Qb2 Nb5 31. Rh4 Qg6 32. Nc2 Rad8 33. Ne3 Nh6 34. Ne5 Qf6 35. Qa2+ Kh8 36. Nxc6 bxc6 37. Qa4 Nd4 38. Qc4 Qf7 39. Rxd4 1-0

[Event "Niederoesterreich Landesliga 1112"]
[Site "Austria"]
[Date "2011.09.18"]
[Round "1"]
[White "Hofmann, Thomas"]
[Black "Bachmayer, Josef"]
[Result "1-0"]
[WhiteElo "2068"]
[BlackElo "2051"]
[PlyCount "85"]
[EventDate "2011.09.18"]
[EventType "team-tourn"]
[EventRounds "11"]
[EventCountry "AUT"]
[SourceTitle "EXT 2022"]
[Source "ChessBase"]
[SourceDate "2021.10.06"]
[SourceVersion "1"]
[SourceVersionDate "2021.10.06"]
[SourceQuality "1"]

1. d4 f5 2. c4 Nf6 3. Nc3 g6 4. g3 Bg7 5. Bg2 0-0 6. Nh3 d6 7. 0-0 c6 8. d5 e5 9. e4 cxd5 10. cxd5 Na6 11. exf5 Bxf5 12. Ng5 Nc7 13. Qb3 Rb8 14. Nge4 Qd7 15. Be3 b6 16. Rad1 h6 17. Qa3 Nce8 18. f3 g5 19. Qb4 Rc8 20. a4 Rf7 21. Nb5 Bf8 22. Kh1 Bh3 23. Nbc3 Bxg2+ 24. Kxg2 Qb7 25. Qb3 Rfc7 26. Rd2 Rc4 27. a5 g4 28. Nxf6+ Nxf6 29. axb6 gxf3+ 30. Rxf3 Ng4 31. Bg1 axb6 32. h3 e4 33. Rxf8+ Kxf8 34. hxg4 Qg7 35. Qxb6 Qe7 36. Be3 Kg7 37. Rd1 Qc7 38. Qxc7+ R8xc7 39. Bd4+ Kg6 40. Nxe4 Rc2+ 41. Rd2 R7c4 42. Rxc2 Rxc2+ 43. Kf3 1-0

[Event "Donau op 18th"]
[Site "Aschach"]
[Date "2009.12.26"]
[Round "1"]
[White "Tratar, Marko"]
[Black "Bachmayer, Josef"]
[Result "1-0"]
[WhiteElo "2480"]
[BlackElo "2088"]
[PlyCount "51"]
[EventDate "2009.12.26"]
[EventType "swiss"]
[EventRounds "7"]
[EventCountry "AUT"]
[SourceTitle "CBM 134 Extra"]
[Source "ChessBase"]
[SourceDate "2010.03.03"]
[SourceVersion "1"]
[SourceVersionDate "2010.03.03"]
[SourceQuality "1"]

1. d4 f5 2. g3 Nf6 3. Bg2 g6 4. Nf3 Bg7 5. c4 0-0 6. b4 c6 7. Bb2 a5 8. b5 a4 9. 0-0 d6 10. Qd3 Bd7 11. Na3 Ne4 12. Rfc1 Qe8 13. Nd2 d5 14. e3 Kh8 15. Rab1 dxc4 16. Ndxc4 cxb5 17. Nb6 Ra5 18. Nxd7 Qxd7 19. Bxe4 fxe4 20. Qxe4 Na6 21. Bc3 b4 22. Bxb4 Nxb4 23. Rxb4 b5 24. Rc5 Rb8 25. Nc4 Raa8 26. Nb6 1-0

[Event "Vienna op 16th"]
[Site "Vienna"]
[Date "2009.08.18"]
[Round "4"]
[White "De Groote, Ewoud"]
[Black "Bachmayer, Josef"]
[Result "1/2-1/2"]
[WhiteElo "2206"]
[BlackElo "2073"]
[PlyCount "116"]
[EventDate "2009.08.15"]
[EventType "swiss"]
[EventRounds "9"]
[EventCountry "AUT"]
[SourceTitle "CBM 131 Extra"]
[Source "ChessBase"]
[SourceDate "2009.09.03"]
[SourceVersion "2"]
[SourceVersionDate "2009.09.16"]
[SourceQuality "1"]

1. e4 g6 2. d4 Bg7 3. Nc3 d6 4. Nf3 d5 5. h3 Nf6 6. e5 Ne4 7. Nxe4 dxe4 8. Ng5 c5 9. Nxe4 cxd4 10. f4 0-0 11. Bd3 Nc6 12. a3 Be6 13. 0-0 f6 14. Qe1 Bd5 15. Qh4 e6 16. exf6 Bxf6 17. Qg4 Qe7 18. Bd2 Qg7 19. c4 dxc3 20. Nxf6+ Rxf6 21. Bxc3 Raf8 22. Rae1 Qf7 23. Bxf6 Qxf6 24. f5 Ne5 25. Qg3 Nxd3 26. Qxd3 gxf5 27. Rf2 a6 28. Qd2 Rf7 29. Qf4 Rg7 30. Rc1 h6 31. Rc8+ Kh7 32. Rc7 Be4 33. Qd6 Bd5 34. Kh2 Rxc7 35. Qxc7+ Kg6 36. Qb8 h5 37. Qg3+ Qg5 38. h4 Qxg3+ 39. Kxg3 e5 40. Rd2 f4+ 41. Kf2 Bc6 42. g3 Kf5 43. Rd8 Kg4 44. gxf4 exf4 45. Rd4 Kxh4 46. Rxf4+ Kg5 47. Kg3 Bb5 48. a4 Bc6 49. Rc4 Bd7 50. a5 Bc6 51. Rc5+ Kg6 52. Re5 Bd7 53. Re7 Bc6 54. Kf4 Kf6 55. Rh7 Kg6 56. Rh8 Bd5 57. Rd8 Bc6 58. Rd4 Kf7 1/2-1/2

[Event "Niederoesterreich Landesliga 0809"]
[Site "Austria"]
[Date "2009.02.01"]
[Round "8"]
[White "Schmid, Thomas2"]
[Black "Bachmayer, Josef"]
[Result "1-0"]
[WhiteElo "2188"]
[BlackElo "2062"]
[PlyCount "60"]
[EventDate "2008.09.28"]
[EventType "team-tourn"]
[EventRounds "11"]
[EventCountry "AUT"]
[SourceTitle "EXT 2022"]
[Source "ChessBase"]
[SourceDate "2021.10.06"]
[SourceVersion "1"]
[SourceVersionDate "2021.10.06"]
[SourceQuality "1"]

1. e4 g6 2. d4 Bg7 3. Nc3 c6 4. f4 d5 5. e5 Nh6 6. Nf3 0-0 7. h3 f6 8. g4 Be6 9. Be3 c5 10. exf6 exf6 11. Qd2 f5 12. g5 Nf7 13. dxc5 Nc6 14. Nd4 Re8 15. 0-0-0 Qa5 16. Kb1 Bd7 17. Bf2 b6 18. Nb3 Bxc3 19. Qxc3 Qxc3 20. bxc3 Re4 21. Bg2 Rxf4 22. Bg3 Ra4 23. Bxd5 Rf8 24. Rhe1 Kg7 25. Nd4 Nxd4 26. Rxd4 bxc5 27. Rxa4 Bxa4 28. Re7 a6 29. Ra7 Be8 30. Be5+ Kg8 1-0

[Event "Niederoesterreich Landesliga 0708"]
[Site "Austria"]
[Date "2008.03.30"]
[Round "11"]
[White "Bachmayer, Josef"]
[Black "Wetscherek, Gerhard"]
[Result "1/2-1/2"]
[WhiteElo "2084"]
[BlackElo "2070"]
[PlyCount "57"]
[EventDate "2007.09.16"]
[EventType "team-tourn"]
[EventRounds "13"]
[EventCountry "AUT"]
[SourceTitle "EXT 2022"]
[Source "ChessBase"]
[SourceDate "2021.10.06"]
[SourceVersion "1"]
[SourceVersionDate "2021.10.06"]
[SourceQuality "1"]

1. d4 Nf6 2. Nc3 g6 3. Bg5 Bg7 4. Qd2 h6 5. Bf4 d6 6. h4 c6 7. e3 b5 8. Bd3 a6 9. Nf3 Bg4 10. Ne2 Nbd7 11. Bh2 c5 12. c3 Qb6 13. e4 Bxf3 14. gxf3 cxd4 15. cxd4 e5 16. d5 Rc8 17. 0-0 0-0 18. Rfc1 Nh5 19. Rc2 Rxc2 20. Qxc2 Nc5 21. Rc1 Qd8 22. b4 Nxd3 23. Qxd3 Qxh4 24. Rc6 f5 25. Rxd6 Qg5+ 26. Kf1 Qh4 27. Kg2 Qg5+ 28. Kf1 Qh4 29. Kg2 1/2-1/2

[Event "Niederoesterreich Landesliga 0708"]
[Site "Austria"]
[Date "2007.09.30"]
[Round "2"]
[White "Bachmayer, Josef"]
[Black "Kranzl, Peter"]
[Result "0-1"]
[WhiteElo "2084"]
[BlackElo "2234"]
[PlyCount "75"]
[EventDate "2007.09.16"]
[EventType "team-tourn"]
[EventRounds "13"]
[EventCountry "AUT"]
[SourceTitle "EXT 2022"]
[Source "ChessBase"]
[SourceDate "2021.10.06"]
[SourceVersion "1"]
[SourceVersionDate "2021.10.06"]
[SourceQuality "1"]

1. d4 Nf6 2. Nc3 d6 3. e4 g6 4. Bg5 Bg7 5. Qd2 0-0 6. 0-0-0 c6 7. Bh6 b5 8. Bxg7 Kxg7 9. f3 Qc7 10. g4 e5 11. Nge2 h5 12. gxh5 Nxh5 13. Ng3 Rh8 14. Nce2 Qe7 15. Nxh5+ Rxh5 16. Ng3 Rh4 17. d5 c5 18. Bxb5 Nd7 19. Rhg1 Kh7 20. Rdf1 Qf6 21. Rf2 Rb8 22. Bxd7 Bxd7 23. Ne2 Rxe4 24. Qa5 Rb7 25. b3 Reb4 26. a3 R4b5 27. Qc3 c4 28. b4 a5 29. f4 axb4 30. axb4 Rxb4 31. Kd2 R7b5 32. Rff1 Qe7 33. f5 Qh4 34. fxg6+ fxg6 35. Rf7+ Kg8 36. Qf3 c3+ 37. Nxc3 Qd4+ 38. Ke1 0-1

[Event "Niederoesterreich Landesliga 0708"]
[Site "Austria"]
[Date "2007.09.16"]
[Round "1"]
[White "Rabl, Gerhard"]
[Black "Bachmayer, Josef"]
[Result "0-1"]
[WhiteElo "1937"]
[BlackElo "2084"]
[PlyCount "34"]
[EventDate "2007.09.16"]
[EventType "team-tourn"]
[EventRounds "13"]
[EventCountry "AUT"]
[SourceTitle "EXT 2022"]
[Source "ChessBase"]
[SourceDate "2021.10.06"]
[SourceVersion "1"]
[SourceVersionDate "2021.10.06"]
[SourceQuality "1"]

1. d4 f5 2. Nf3 Nf6 3. g3 g6 4. Bg2 Bg7 5. b3 0-0 6. Bb2 c6 7. 0-0 Na6 8. c4 Rb8 9. Nbd2 b5 10. cxb5 cxb5 11. Ne5 Bb7 12. a3 Bxg2 13. Kxg2 Nc7 14. e3 Ncd5 15. Qe2 Qb6 16. f3 Bh6 17. e4 Ne3+ 0-1

[Event "Niederoesterreich Landesliga 0607"]
[Site "Austria"]
[Date "2007.01.14"]
[Round "7"]
[White "Weninger, Robert"]
[Black "Bachmayer, Josef"]
[Result "0-1"]
[WhiteElo "2096"]
[BlackElo "2163"]
[PlyCount "48"]
[EventDate "2006.09.17"]
[EventType "team-tourn"]
[EventRounds "11"]
[EventCountry "AUT"]
[SourceTitle "EXT 2022"]
[Source "ChessBase"]
[SourceDate "2021.10.06"]
[SourceVersion "1"]
[SourceVersionDate "2021.10.06"]
[SourceQuality "1"]

1. d4 f5 2. Bg5 g6 3. h4 Bg7 4. Nf3 Nf6 5. e3 b6 6. Nbd2 Bb7 7. Bd3 Ne4 8. c3 d5 9. Ne5 Nd7 10. Qa4 Bxe5 11. Bxe4 fxe4 12. dxe5 0-0 13. f4 exf3 14. Nxf3 Nc5 15. Qc2 d4 16. cxd4 Be4 17. Qc4+ Bd5 18. Qc2 Ne4 19. Bh6 Rf5 20. Rh3 Qd7 21. 0-0-0 Rc8 22. Kb1 Qb5 23. g4 Rf7 24. Ng5 Rf2 0-1

[Event "Donau op 15th"]
[Site "Aschach"]
[Date "2006.12.27"]
[Round "3"]
[White "Bachmayer, Josef"]
[Black "Knoll, Hermann"]
[Result "1/2-1/2"]
[WhiteElo "2176"]
[BlackElo "2361"]
[PlyCount "120"]
[EventDate "2006.12.26"]
[EventType "swiss"]
[EventRounds "7"]
[EventCountry "AUT"]
[SourceTitle "EXT 2008"]
[Source "ChessBase"]
[SourceDate "2007.11.25"]
[SourceVersion "1"]
[SourceVersionDate "2007.11.25"]
[SourceQuality "1"]

1. d4 Nf6 2. Nc3 d5 3. Bg5 Nbd7 4. f3 c5 5. e4 cxd4 6. Bxf6 Nxf6 7. Qxd4 dxe4 8. Qxd8+ Kxd8 9. Bc4 e6 10. Nxe4 Nxe4 11. fxe4 Bc5 12. Nf3 Ke7 13. Ke2 Bd7 14. Ne5 Be8 15. c3 Rc8 16. Bd3 f6 17. Nf3 Bb6 18. g4 e5 19. h3 Bf7 20. Nh4 Rhd8 21. Nf5+ Kf8 22. Ne3 Bxe3 23. Kxe3 Rd6 24. Rhd1 Ke7 25. Be2 Rxd1 26. Bxd1 h5 27. Bb3 hxg4 28. Bxf7 Kxf7 29. hxg4 Rh8 30. Rf1 g5 31. c4 Rh4 32. Rf2 Rxg4 33. Kd3 Rg3+ 34. Kd2 g4 35. c5 Rg1 36. Re2 a5 37. a3 g3 38. Ke3 Rh1 39. Rg2 Rh2 40. Rxg3 Rxb2 41. Rg1 Rb3+ 42. Kd2 Ke6 43. Rg7 a4 44. Rh7 Rb5 45. Rg7 Rb3 46. Rh7 Rxa3 47. Rxb7 Rh3 48. Rb6+ Ke7 49. Rb7+ Kd8 50. Rb6 a3 51. Ra6 Kc7 52. Kc2 Rf3 53. Kb1 Rf4 54. Ka2 Rxe4 55. Rxf6 Re3 56. Rh6 e4 57. Re6 Kd7 58. Rd6+ Ke7 59. Rd4 Ke6 60. c6 Rc3 1/2-1/2

[Event "Donau op 15th"]
[Site "Aschach"]
[Date "2006.12.26"]
[Round "1"]
[White "Bachmayer, Josef"]
[Black "Nikolov, Momchil"]
[Result "0-1"]
[WhiteElo "2176"]
[BlackElo "2446"]
[PlyCount "76"]
[EventDate "2006.12.26"]
[EventType "swiss"]
[EventRounds "7"]
[EventCountry "AUT"]
[SourceTitle "EXT 2008"]
[Source "ChessBase"]
[SourceDate "2007.11.25"]
[SourceVersion "1"]
[SourceVersionDate "2007.11.25"]
[SourceQuality "1"]

1. d4 Nf6 2. Nc3 d5 3. Bg5 Bf5 4. f3 Nbd7 5. e3 c6 6. Bd3 Bg6 7. f4 e6 8. Nf3 Bb4 9. 0-0 Bxc3 10. bxc3 Qa5 11. c4 Ne4 12. Qe2 0-0 13. Bh4 f6 14. Be1 Qc7 15. Nh4 Bf7 16. Kh1 c5 17. c3 Rfc8 18. f5 Re8 19. fxe6 Bxe6 20. cxd5 Bxd5 21. Nf5 c4 22. Bc2 Nf8 23. Qg4 Re6 24. Rf4 Rae8 25. Ba4 Bc6 26. d5 Bxd5 27. Bxe8 Rxe8 28. Rd1 Bc6 29. Ng3 Qe5 30. Nxe4 Bxe4 31. Bg3 f5 32. Qh5 Ng6 33. Rh4 Qxc3 34. Qxh7+ Kf7 35. Rh6 Nf8 36. Rd7+ Re7 37. Rxe7+ Kxe7 38. Bh4+ Kd7 0-1

[Event "Niederoesterreich Landesliga 0506"]
[Site "Austria"]
[Date "2006.01.22"]
[Round "9"]
[White "Bechmann, Gerhard"]
[Black "Bachmayer, Josef"]
[Result "0-1"]
[WhiteElo "2040"]
[BlackElo "2106"]
[PlyCount "52"]
[EventDate "2005.09.18"]
[EventType "team-tourn"]
[EventRounds "13"]
[EventCountry "AUT"]
[SourceTitle "EXT 2022"]
[Source "ChessBase"]
[SourceDate "2021.10.06"]
[SourceVersion "1"]
[SourceVersionDate "2021.10.06"]
[SourceQuality "1"]

1. e4 g6 2. d4 Bg7 3. Be3 d6 4. c3 Nd7 5. Qd2 c6 6. Na3 Qc7 7. Bd3 a6 8. Ne2 h5 9. f4 Ngf6 10. g3 Nb6 11. Qc2 Be6 12. c4 c5 13. e5 Nfd7 14. Bxg6 dxe5 15. dxe5 Nxe5 16. fxe5 Qxe5 17. Bf4 Qxb2 18. Rb1 Qxa3 19. 0-0 Qa4 20. Qe4 Qc6 21. Qxc6+ bxc6 22. Rxb6 fxg6 23. Rxc6 Bxc4 24. Re1 0-0 25. Bg5 Rf5 26. Bh4 g5 0-1

[Event "Niederoesterreich Landesliga 0506"]
[Site "Austria"]
[Date "2005.09.18"]
[Round "1"]
[White "Kropik, Martin"]
[Black "Bachmayer, Josef"]
[Result "0-1"]
[WhiteElo "2112"]
[BlackElo "2106"]
[PlyCount "85"]
[EventDate "2005.09.18"]
[EventType "team-tourn"]
[EventRounds "13"]
[EventCountry "AUT"]
[SourceTitle "EXT 2022"]
[Source "ChessBase"]
[SourceDate "2021.10.06"]
[SourceVersion "1"]
[SourceVersionDate "2021.10.06"]
[SourceQuality "1"]

1. Nf3 f5 2. e4 fxe4 3. Ng5 e6 4. Nxe4 Nf6 5. Nbc3 d5 6. Nxf6+ Qxf6 7. d4 g6 8. Bd3 Bg7 9. Be3 0-0 10. Qd2 a6 11. Ne2 Nc6 12. f4 Ne7 13. c3 Nf5 14. g3 Bd7 15. 0-0-0 b5 16. b4 a5 17. a3 axb4 18. axb4 c5 19. dxc5 Ra4 20. Bd4 Nxd4 21. cxd4 Rfa8 22. Bb1 Ra1 23. Nc3 R1a3 24. Kb2 Qd8 25. Bc2 Qb8 26. Bb3 Qb7 27. Rb1 Qa6 28. Rhe1 Kh8 29. Kc2 Ra7 30. Rb2 Qc8 31. Rbb1 Qa8 32. Rb2 Qf8 33. Reb1 Bc6 34. Kd1 Qf5 35. Ra2 Qg4+ 36. Kc1 Qf3 37. Rba1 Bf6 38. Rxa3 Rxa3 39. Rxa3 Qh1+ 40. Kb2 Kg7 41. Ra7+ Kh6 42. f5+ Bg5 43. Qe2 0-1

[Event "Dresden ZMD op"]
[Site "Dresden"]
[Date "2005.07.29"]
[Round "7"]
[White "Duemmke, Juergen"]
[Black "Bachmayer, Josef"]
[Result "0-1"]
[WhiteElo "2091"]
[BlackElo "2174"]
[PlyCount "160"]
[EventDate "2005.07.23"]
[EventType "swiss"]
[EventRounds "9"]
[EventCountry "GER"]
[SourceTitle "EXT 2006"]
[Source "ChessBase"]
[SourceDate "2005.11.24"]
[SourceVersion "1"]
[SourceVersionDate "2005.11.24"]
[SourceQuality "1"]

1. e4 d6 2. d4 g6 3. Nf3 Bg7 4. Nc3 Nd7 5. Be2 c5 6. 0-0 cxd4 7. Nxd4 Ngf6 8. Be3 0-0 9. Qd2 Re8 10. Rad1 b6 11. Bb5 Bb7 12. f3 a6 13. Ba4 b5 14. Bb3 Rc8 15. a4 b4 16. Nd5 Nxd5 17. Bxd5 Bxd5 18. exd5 Ne5 19. Qxb4 Rc4 20. Qb7 Rxa4 21. b3 Ra2 22. f4 Ng4 23. Nc6 Qa8 24. Qxa8 Rxa8 25. Nb4 Ra5 26. Bc1 Re8 27. h3 Nf6 28. Rfe1 Kf8 29. c4 Nd7 30. Nc6 Ra2 31. Nb4 Ra1 32. Be3 Ra3 33. Rd3 a5 34. Nc6 a4 35. Rb1 Ra8 36. Kh2 Bf6 37. Bc1 Rxb3 38. Rdxb3 axb3 39. Rxb3 Ra4 40. Rb7 Rxc4 41. Be3 Nc5 42. Rc7 Rc3 43. Rc8+ Kg7 44. Bg1 Rc4 45. Be3 Re4 46. Bxc5 dxc5 47. Kg3 Re3+ 48. Kf2 Rd3 49. Rc7 Rxd5 50. Nxe7 Rd2+ 51. Kf3 c4 52. Nc6 Bb2 53. Ne5 c3 54. Ke3 Rxg2 55. Nxf7 c2 56. Ne5+ Kf6 57. Nd3 Rg3+ 58. Ke4 Rxd3 59. Rxc2 Rd4+ 60. Ke3 Rb4 61. Rc6+ Kf5 62. Rc5+ Ke6 63. Kf3 Bf6 64. Rc7 Be7 65. Rc2 Rb3+ 66. Kg2 Bd6 67. Rf2 Kf5 68. Rf1 Bxf4 69. Rf3 Rb4 70. Rf2 g5 71. Ra2 h5 72. Ra5+ Be5 73. Ra2 g4 74. Rf2+ Bf4 75. Kh1 Ke4 76. Rf1 Rb2 77. Re1+ Kf3 78. hxg4 hxg4 79. Rf1+ Kg3 80. Rg1+ Kh3 0-1

[Event "Niederoesterreich Landesliga 0304"]
[Site "Austria"]
[Date "2003.10.19"]
[Round "3"]
[White "Posch, Werner"]
[Black "Bachmayer, Josef"]
[Result "1/2-1/2"]
[WhiteElo "2248"]
[BlackElo "2182"]
[PlyCount "80"]
[EventDate "2003.09.21"]
[EventType "team-tourn"]
[EventRounds "11"]
[EventCountry "AUT"]
[SourceTitle "EXT 2022"]
[Source "ChessBase"]
[SourceDate "2021.10.06"]
[SourceVersion "1"]
[SourceVersionDate "2021.10.06"]
[SourceQuality "1"]

1. e4 e5 2. Nc3 Nc6 3. Bc4 Nf6 4. d3 Na5 5. Nge2 Nxc4 6. dxc4 d6 7. Qd3 Be6 8. b3 Qd7 9. 0-0 Be7 10. Nd5 Bxd5 11. cxd5 a6 12. c4 h6 13. f3 h5 14. Be3 h4 15. Rac1 b6 16. Rc2 0-0 17. Qd2 Nh7 18. g4 Qd8 19. Kg2 Bg5 20. Nc3 Qe7 21. a3 g6 22. Bxg5 Nxg5 23. Qd3 Rfe8 24. Nd1 Qf6 25. Qe3 Qe7 26. Nf2 Kg7 27. Nh3 Nxh3 28. Kxh3 g5 29. Qc3 Qf6 30. Qe3 a5 31. Rfc1 Qf4 32. Qxf4 exf4 33. Kg2 Kf6 34. Kf2 Ke5 35. Ke2 Ra7 36. Kd3 Rea8 37. Rc3 Ra6 38. R1c2 R6a7 39. Rc1 Ra6 40. R1c2 R6a7 1/2-1/2

[Event "Vienna op 14th"]
[Site "Vienna"]
[Date "2003.08.22"]
[Round "7"]
[White "Bachmayer, Josef"]
[Black "Gerold, Arnold"]
[Result "1-0"]
[WhiteElo "2182"]
[BlackElo "2046"]
[PlyCount "49"]
[EventDate "2003.08.16"]
[EventType "swiss"]
[EventRounds "9"]
[EventCountry "AUT"]
[SourceTitle "CBM 095 Extra"]
[Source "ChessBase"]
[SourceDate "2003.09.04"]
[SourceVersion "1"]
[SourceVersionDate "2003.09.04"]
[SourceQuality "1"]

1. d4 Nf6 2. Nc3 d6 3. e4 g6 4. f4 Bg7 5. Nf3 0-0 6. Bd3 Nc6 7. d5 Nb8 8. f5 c6 9. dxc6 Nxc6 10. 0-0 Ng4 11. Qe2 Qa5 12. Kh1 Bd7 13. Bd2 a6 14. Nd5 Qd8 15. Ng5 Nce5 16. h3 Nf6 17. fxg6 hxg6 18. Qf2 Bh6 19. Qh4 Bxg5 20. Qxg5 Nxd5 21. exd5 Re8 22. Rae1 Kg7 23. Qh6+ Kg8 24. Rxe5 dxe5 25. Rxf7 1-0

[Event "AUT-chT2O 0203"]
[Site "Austria"]
[Date "2002.11.23"]
[Round "4.5"]
[White "Bachmayer, Josef"]
[Black "Holzer, Gerhard"]
[Result "0-1"]
[WhiteElo "2162"]
[BlackElo "2236"]
[PlyCount "56"]
[EventDate "2002.10.25"]
[EventType "team-tourn"]
[EventRounds "11"]
[EventCountry "AUT"]
[SourceTitle "EXT 2020"]
[Source "ChessBase"]
[SourceDate "2019.10.17"]
[SourceVersion "1"]
[SourceVersionDate "2019.10.17"]
[SourceQuality "1"]
[WhiteTeam "Amstetten"]
[BlackTeam "Donaustadt"]
[WhiteTeamCountry "AUT"]
[BlackTeamCountry "AUT"]

1. d4 Nf6 2. Nc3 e6 3. e4 c5 4. dxc5 Bxc5 5. e5 Qb6 6. Nh3 Nd5 7. Nxd5 exd5 8. Qxd5 d6 9. Bd3 Nc6 10. exd6 Bxh3 11. gxh3 0-0 12. 0-0 Nb4 13. Qe4 Nxd3 14. Qxd3 Bxd6 15. Be3 Qc7 16. Rfd1 Bxh2+ 17. Kg2 Be5 18. c3 Rad8 19. Qb5 a6 20. Qc5 Qb8 21. a4 Rde8 22. Rd7 Bf4 23. Rad1 Bxe3 24. fxe3 Re6 25. R1d6 Qe8 26. Kf2 Rxd6 27. Qxd6 Qe4 28. Rd8 Qh4+ 0-1

[Event "Bayern-chI Bank Hofmann 5th"]
[Site "Bad Wiessee"]
[Date "2001.10.31"]
[Round "5"]
[White "Bachmayer, Josef"]
[Black "Wippermann, Till"]
[Result "0-1"]
[WhiteElo "2170"]
[BlackElo "2321"]
[PlyCount "96"]
[EventDate "2001.10.27"]
[EventType "swiss"]
[EventRounds "9"]
[EventCountry "GER"]
[SourceTitle "EXT 2003"]
[Source "ChessBase"]
[SourceDate "2002.11.25"]
[SourceVersion "1"]
[SourceVersionDate "2002.11.25"]
[SourceQuality "1"]

1. d4 g6 2. Nc3 Bg7 3. e4 c5 4. dxc5 Qa5 5. Nf3 Nf6 6. Qd3 Qxc5 7. Be3 Qa5 8. Qb5 Qd8 9. h3 0-0 10. e5 Ne8 11. h4 d6 12. h5 dxe5 13. hxg6 hxg6 14. Rd1 Nd6 15. Qb4 e4 16. Nd4 Bg4 17. Rd2 Nc6 18. Nxc6 bxc6 19. Bd4 Qb8 20. Qxb8 Raxb8 21. Bxg7 Kxg7 22. b3 Rh8 23. Rg1 f5 24. Be2 Bxe2 25. Kxe2 Kf6 26. Rd4 Rh2 27. Ra4 Rb7 28. Ra6 Rc7 29. Ke3 g5 30. Kd4 g4 31. Kc5 Ke5 32. Rxc6 Rxc6+ 33. Kxc6 Rh8 34. Nb5 Rc8+ 35. Kd7 Rxc2 36. Nxa7 Rxa2 37. Nc6+ Kf6 38. Nxe7 Nb5 39. Nd5+ Ke5 40. Ne3 Rxf2 41. Rd1 Nc3 42. Rc1 Kd4 43. Re1 g3 44. b4 f4 45. Nf5+ Kd3 46. Nh4 Kd2 47. Ra1 e3 48. Kc6 e2 0-1